| 000 | 00730nam a22002417a 4500 | ||
|---|---|---|---|
| 005 | 20141124155316.0 | ||
| 008 | 141124s2012 xx a fr 001 0 eng d | ||
| 020 | _a9781437719338 | ||
| 040 | _aEG-ScBUE | ||
| 082 | 0 | 0 |
_222 _a615.1 _bPHA |
| 245 | 0 | 0 |
_aPharmacology / _cH. P. Rang ... [et al.] |
| 250 |
_a7th ed., _binternational ed. |
||
| 260 |
_a[S. l.] : _bElsevier Limited, _c2012 _e(Beijing) |
||
| 300 |
_axxii, 777 p. : _bill. (col.) ; _c28 cm. |
||
| 500 | _aIncludes appendixes. | ||
| 500 | _aSearchable full text online. | ||
| 500 | _aIndex : p. 742-777. | ||
| 650 | 0 |
_912590 _aPharmacology |
|
| 653 |
_bPPhrm _cNovember2014 |
||
| 655 |
_vreading book _934232 |
||
| 700 | 1 |
_aRang, H. P. _99758 |
|
| 942 |
_2ddc _k615.1 PHA |
||
| 999 |
_c18673 _d18645 |
||